| Tag |
First Indicator |
Second Indicator |
Subfields |
| LEADER |
00000cam a2200000I 4500 |
| 001 |
in00002379607 |
| 005 |
20151109041821.0 |
| 008 |
831201s1931 nyu 000 0 eng d |
| 035 |
|
|
|a (OCoLC)ocm10176116
|
| 035 |
|
|
|a (OCoLC)10176116
|
| 040 |
|
|
|a MBB
|c MBB
|d TXA
|d UtOrBLW
|
| 049 |
|
|
|a TXAM
|
| 090 |
|
|
|a D570.9
|b .R53 1931
|
| 100 |
1 |
|
|a Riegelman, Harold,
|d 1892-
|
| 245 |
1 |
0 |
|a War notes of a casual /
|c by Harold Riegelman.
|
| 264 |
|
1 |
|a New York :
|b Harold Riegelman,
|c 1931.
|
| 300 |
|
|
|a 191 pages ;
|c 22 cm.
|
| 336 |
|
|
|a text
|b txt
|2 rdacontent
|
| 337 |
|
|
|a unmediated
|b n
|2 rdamedia
|
| 338 |
|
|
|a volume
|b nc
|2 rdacarrier
|
| 500 |
|
|
|a "Sixty copies of this book have been printed by the Ballou press, of New York city, in the month of July, 1931."
|
| 500 |
|
|
|a Cushing Library copy inscribed by the author.
|
| 650 |
|
0 |
|a World War, 1914-1918
|v Personal narratives, American.
|
| 948 |
|
|
|a cataloged
|b h
|c 2008/3/31
|d c
|e jgreene
|f 3:30:12 pm
|
| 994 |
|
|
|a C0
|b TXA
|
| 999 |
|
|
|a MARS
|
| 999 |
f |
f |
|s 0b94ae8b-731e-352a-ab15-2f6e9ed2d869
|i 66d287a4-c0f5-36f5-b0e0-9fce473356b0
|t 0
|
| 952 |
f |
f |
|p noncirc
|a Texas A&M University
|b College Station
|c Cushing Memorial Library & Archives
|d Cushing: Ragan Military (Does not check out)
|t 0
|e D570.9 .R53 1931
|h Library of Congress classification
|i unmediated -- volume
|m A14852137851
|
| 998 |
f |
f |
|a D570.9 .R53 1931
|t 0
|l Cushing: Ragan Military (Does not check out)
|